| 000 | 01653cam a2200469 a 4500 | ||
|---|---|---|---|
| 001 | 22577 | ||
| 003 | SK-KTurca | ||
| 005 | 20260401140700.0 | ||
| 008 | 180601s2013 xr j 010 f slo | ||
| 015 | _aSNBZSA2014-002375 | ||
| 020 |
_a9788074472794 _q(brož.) |
||
| 035 | _aBD1D5D7D-6A78-4501-972B-E581960BC967 | ||
| 035 | _aurn:nbn:sk:snk-am3h5rw | ||
| 035 | _aurn:nbn:sk:snk-am008ydy | ||
| 040 |
_aPOKPOH _bslo _cPOKPOH _dSNK _eAACR2 |
||
| 041 | 1 |
_aslo _heng |
|
| 044 |
_axr _cCZ |
||
| 072 | 7 |
_a821.111(73)-3 _xAmerická próza _2konspekt |
|
| 072 | 7 |
_a821-93 _xLiteratúra pre deti a mládež (beletria) _2konspekt |
|
| 080 |
_a821.111(73)-31 _22001 |
||
| 080 |
_a82-93-053.4/.5 _22011 |
||
| 100 | 1 |
_aPetroff, Shani _4aut |
|
| 240 | 1 | 0 |
_aBedeviled: love struck _lSlovensky |
| 245 | 1 | 0 |
_aPočertená _pZaľúbení až po uši _cShani Petroffová ; preložila Zuzana Lorková |
| 246 | 3 | 0 | _aZaľúbení až po uši |
| 250 | _a1. slov. vyd. | ||
| 260 |
_aV Prahe _bCooBoo _c2013 |
||
| 300 |
_a237 s. _c20 cm |
||
| 500 | _aVydalo nakladateľstvo CooBoo v spoločnosti Albatros Media, a. s. | ||
| 500 | _aPreložené z angličtiny | ||
| 500 | _aObsahuje stručné profesijné údaje o autorke | ||
| 655 | 7 |
_aamerické romány _2SNKPH |
|
| 655 | 7 |
_aliteratúra pre deti _2SNKPH |
|
| 655 | 7 |
_aAmerican fiction _2SNKPHeng |
|
| 655 | 7 |
_aChildren's literature _2SNKPHeng |
|
| 700 | 1 |
_aMočková Lorková, Zuzana, _d1985- _4trl |
|
| 710 | 2 |
_aAlbatros Media Slovakia. _bCooBoo _4pbl |
|
| 752 |
_aČesko _dPraha |
||
| 787 | 0 | 8 |
_iZo série: _tPočertená _g4 |
| 942 |
_2ddc _cKLDE _n0 |
||
| 999 |
_c22577 _d22577 |
||